Landeshauptstädte von Deutschland - Statistiken

Allgemein
  • Dieses Quiz wurde 129 mal gespielt
    107 seit der letzten Aktualisierung
  • Das Durchschnittsergebnis liegt bei 9 aus 16
Answers on the Grid
Answers color-coded by a green-red scale on the quiz's grid according to % correct below.
München
Hannover
Rostock
Köln
Düsseldorf
Flensburg
Cottbus
Dresden
Leipzig
Frankfurt
Wiesbaden
Mainz
Kaiserslautern
Dortmund
Freiburg
Stuttgart
Bonn
Hagen
Magdeburg
Bremen
Essen
Hamburg
Berlin
Brandenburg
Potsdam
Erfurt
Kiel
Lübeck
Schwerin
Saarbrücken
 
Antwortstatistiken
Antwort % Korrekt
München
94%
Düsseldorf
74%
Hannover
74%
Dresden
64%
Stuttgart
59%
Bremen
58%
Berlin
55%
Hamburg
53%
Potsdam
53%
Wiesbaden
52%
Kiel
48%
Erfurt
47%
Mainz
47%
Schwerin
47%
Saarbrücken
45%
Magdeburg
42%
Keine übereinstimmenden Quizze gefunden
Verteilung der Resultate
Anzahl Personen mit jedem Resultat
Perzentil nach korrekt beantworteten Fragen
Ihre Resultats-Entwicklung
Sie haben dieses Quiz seit der letzten Aktualisierung nicht gespielt